The Poverty of Growth (Record no. 43566)

MARC details
000 -LEADER
fixed length control field 00505nam a22001817a 4500
005 - DATE AND TIME OF LATEST TRANSACTION
control field 20250404154448.0
008 - FIXED-LENGTH DATA ELEMENTS--GENERAL INFORMATION
fixed length control field 250404b |||||||| |||| 00| 0 eng d
020 ## - INTERNATIONAL STANDARD BOOK NUMBER
International Standard Book Number he Poverty of Growth
041 ## - LANGUAGE CODE
Language code of text/sound track or separate title eng
082 ## - DEWEY DECIMAL CLASSIFICATION NUMBER
Classification number 339.460 SCH
100 ## - MAIN ENTRY--PERSONAL NAME
Author Schutter, Olivier De
245 ## - TITLE STATEMENT
Title The Poverty of Growth
260 ## - PUBLICATION, DISTRIBUTION, ETC.
Place London
Publisher Pluto Press
Publication Year 2024
300 ## - PHYSICAL DESCRIPTION
Extent 132;. pages: 20 cm
650 ## - SUBJECT ADDED ENTRY--TOPICAL TERM
Subject Poverty-Developing Countries. Economic Development; Capitalism
700 ## - ADDED ENTRY--PERSONAL NAME
Co-Author Raworth, Kate
942 ## - ADDED ENTRY ELEMENTS (KOHA)
Koha item type Books
Holdings
Withdrawn status Lost status Source of classification or shelving scheme Damaged status Not for loan Home library Current library Shelving location Accession Date Vendor Price Bill number Total Checkouts Full call number Barcode No Date last seen Discount Bill Date Koha item type Suggested By
    Dewey Decimal Classification     IMTN IMTN Rack 14-B 03/27/2025 Raghav Books Private Limited 1668.39 2374   339.460 SCH 33839 04/04/2025 33 02/14/2025 Books Dr. Mantha Raghu (Head Librarian)
Designed & Maintained by: LRC IMT Nagpur Contact: lrc@imtnag.ac.in© 2024. All Rights Reserved.